[Event "Puspokladany Arnoth Memorial 04th"]
[Site "Puspokladany"]
[Date "2011.07.31"]
[Round "8"]
[White "Egri, Laszlo Jr"]
[Black "Czigler, Dezso Zoltan"]
[Result "1-0"]
[WhiteElo "2021"]
[BlackElo "1940"]
[PlyCount "47"]
[EventDate "2011.07.27"]
[EventType "swiss"]
[EventRounds "9"]
[EventCountry "HUN"]
[SourceTitle "EXT 2018"]
[Source "ChessBase"]
[SourceDate "2017.10.13"]
[SourceVersion "1"]
[SourceVersionDate "2017.10.13"]
[SourceQuality "1"]

1. e4 c5 2. Nf3 d6 3. d4 cxd4 4. Nxd4 Nf6 5. Nc3 g6 6. Be3 Bg7 7. f3 0-0 8. Qd2 Nc6 9. 0-0-0 d5 10. exd5 Nxd5 11. Nxc6 bxc6 12. Nxd5 cxd5 13. Qxd5 Qc7 14. Qc5 Qb7 15. b3 Be6 16. Qa5 Rfc8 17. Ba6 Qc6 18. Bxc8 Rxc8 19. Rd8+ Bf8 20. Rxc8 Bxc8 21. Rd1 Bf5 22. Qc5 Qa6 23. Rd8 Qxa2 24. Bh6 1-0

[Event "HUN-chT2 Maroczy 1011"]
[Site "Hungary"]
[Date "2010.10.24"]
[Round "4"]
[White "Kulmany, Istvan Mihaly"]
[Black "Czigler, Dezso Zoltan"]
[Result "1-0"]
[WhiteElo "2047"]
[BlackElo "1924"]
[PlyCount "85"]
[EventDate "2010.09.12"]
[EventType "team-tourn"]
[EventRounds "11"]
[EventCountry "HUN"]
[SourceTitle "EXT 2012"]
[Source "ChessBase"]
[SourceDate "2011.11.24"]
[SourceVersion "1"]
[SourceVersionDate "2011.11.24"]
[SourceQuality "1"]
[WhiteTeam "TLSE"]
[BlackTeam "Kisujszallas"]
[WhiteTeamCountry "HUN"]
[BlackTeamCountry "HUN"]

1. d4 Nf6 2. c4 Nc6 3. Nf3 e6 4. a3 d5 5. g3 Be7 6. Bg2 0-0 7. 0-0 dxc4 8. Nc3 Nd5 9. e4 Nxc3 10. bxc3 Na5 11. Be3 c6 12. Nd2 b5 13. f4 Bb7 14. g4 Qc7 15. Qb1 a6 16. Rf3 c5 17. d5 g6 18. dxe6 fxe6 19. f5 exf5 20. gxf5 Bd6 21. Rh3 Bf4 22. fxg6 Bxe3+ 23. Rxe3 hxg6 24. e5 Kg7 25. Rg3 Qf7 26. Ne4 Qf5 27. Nxc5 Qxb1+ 28. Rxb1 Bxg2 29. Ne6+ Kf7 30. Nxf8 Kxf8 31. Rxg2 Kg7 32. Rd1 Nc6 33. Rd7+ Kh6 34. e6 Ne5 35. Rd5 Nd3 36. Rd4 Re8 37. Re2 Nc5 38. e7 Na4 39. Rd8 Rxe7 40. Rxe7 Nxc3 41. Kg2 Nb1 42. Kg3 Kh5 43. h4 1-0